Statistiques concernant Jours de la Semaine

Cliquez ici pour prendre le quiz!

Statistiques générales

  • Ce quiz a été pris 43 fois
  • Le résultat moyen est 7 sur 7

Statistiques - réponses

Jours% Correct
Lundi
100%
Dimanche
98%
Jeudi
98%
Mardi
98%
Mercredi
98%
Vendredi
98%
Samedi
95%

Distribution des résultats

Percentile par nombre de réponses

% des personnes avec chaque résultat

Votre développement - résultats

Vous n’avez pas pris ce quiz